000 00495pab a2200193 454500
008 180718b2013 xxu||||| |||| 00| 0 eng d
100 _aVombatkere, S.G.
245 _aIndia's open secrets - effects on sovereignty and democracy
260 _c2013
300 _ap.27-31.
362 _a16 Nov
650 _aSovereignty - India
650 _aState security - India
650 _aDemocracy - India
650 _aState security
773 _aMainstream
908 _aN
909 _a101450
999 _c101448
_d101448